| 000 | 00602nam a2200193 4500 | ||
|---|---|---|---|
| 005 | 20250310144553.0 | ||
| 010 | _aENG-127602 | ||
| 020 |
_c1295.00 _a9780199496686 |
||
| 035 | _aEN-111134 | ||
| 037 | _bDBAD/PUB | ||
| 082 | _a337.54 | ||
| 100 |
_aNachiappan,Karthik _979473 |
||
| 245 |
_aDoes India Negotiate _bby Karthik Nachiappan |
||
| 260 |
_aNew Delhi _bOxford _c2019 |
||
| 270 |
_a22 workspace,2nd floor,1/22 Asaf Ali Road _bNew Delhi _e110086 |
||
| 300 |
_axiii;238p. _c22cm(hb) |
||
| 500 | _aincludes Bibliographical references and index | ||
| 942 |
_2ddc _cEN _h337.54 _mNIC |
||
| 999 |
_c172174 _d172174 |
||